Missing Word: 'I' Authors Quiz Stats

Quiz Updated Feb 19, 2016

Challenge
Share
Tweet
Embed
Score 0/18 Timer 03:00
0 Plays Today
Author Answer % Correct
_____ FlemingIan
99.3%
Washington _____Irving
89.9%
_____ AsimovIsaac
86.7%
Henrik _____Ibsen
81.5%
Laura _____ WilderIngalls
78.8%
_____ TurgenevIvan
66.9%
_____ AllendeIsabel
59.9%
_____ KantImmanuel
57.4%
_____ MurdochIris
46.4%
Author Answer % Correct
_____ DinesenIsak
40.3%
William _____Inge
36.7%
Eugène _____Ionesco
27.2%
Kazuo _____Ishiguro
26.7%
Christopher _____Isherwood
25%
_____ BanksIain
19.2%
_____ ReedIshmael
8.4%
Eva _____Ibbotson
5.8%
Arturo _____Islas
4.4%

Today's Daily Dose

Missing Word
For Dummies Books

Word Ladder
Ariana Grande

Quick Pick
1970s Authors

On This Day
June 21st II

You're not logged in!

Compare scores with friends on all Sporcle quizzes.
Join for Free
OR
Log In

You Might Also Like...

Show Comments

Extras

Top Quizzes Today


Score Distribution

Your Account Isn't Verified!

In order to create a playlist on Sporcle, you need to verify the email address you used during registration. Go to your Sporcle Settings to finish the process.

Report this User

Report this user for behavior that violates our Community Guidelines.

Details: